| 000 | 01120pam a2200313 a 4500 | ||
|---|---|---|---|
| 003 | data | ||
| 005 | 20260322212037.0 | ||
| 008 | data | ||
| 010 | _a 98007183 /AC | ||
| 020 | _a0736800395 (lib. bdg.) | ||
| 020 | _a9780736800396 (lib. bdg.) | ||
| 040 |
_aDLC _cDLC _dWaOLN _dWaOLN |
||
| 049 |
_aDPLA _nlak |
||
| 050 | 0 | 0 |
_aHV8290 _b.G65 1999 |
| 082 | 0 | 0 |
_a363.28/9/02373 _221 |
| 092 | _a363.289 Gol 1999 | ||
| 100 | 1 | _aGoldberg, Jan. | |
| 245 | 1 | 0 |
_aSecurity guard / _cJan Goldberg. |
| 260 |
_aMankato, Minn. : _bCapstone High/Low Books, _cc1999. |
||
| 300 |
_a48 p. : _bcol. ill. ; _c23 cm. |
||
| 490 | 1 | _aCareers without college | |
| 504 | _aIncludes bibliographical references (p. 45) and index. | ||
| 520 | _aDescribes the job responsibilities and work environment of security guards as well as the necessary training, potential salary, and career possibilities for this work. | ||
| 650 | 0 |
_aPolice, Private _xVocational guidance _vJuvenile literature. |
|
| 650 | 1 |
_aSecurity guards _xVocational guidance. |
|
| 650 | 1 | _aVocational guidance. | |
| 830 | 0 | _aCareers without college (Mankato, Minn.) | |
| 001 | data | ||
| 999 |
_c877 _d877 |
||